Normal view
MARC view
Entry Topical Term
001 - CONTROL NUMBER
- control field: 38898
003 - CONTROL NUMBER IDENTIFIER
- control field: ARRUPE
005 - DATE AND TIME OF LATEST TRANSACTION
- control field: 20180125143443.0
008 - FIXED-LENGTH DATA ELEMENTS
- fixed length control field: 180125|| aca||aabn | a|a d
040 ## - CATALOGING SOURCE
- Original cataloging agency: ARRUPE
- Transcribing agency: ARRUPE
150 ## - HEADING--TOPICAL TERM
- Topical term or geographic name as entry element: Islam in Niassa (Mozambique)
- General subdivision: History
670 ## - SOURCE DATA FOUND
- Source citation: Work cat.: (ARRUPE)0: Peirone, Frederico José. 38896, A tribo ajaua do alto Niassa (Moçambique) e alguns aspectos da sua problemática neo-islâmica., 1967.